LDR 00557naa#a2200181#i#450# 001 EN\\bibl\121784 005 20260430050735.4 011 ## _a2072-9502 100 ## _a20260427b2026####ek#y0engy0150####ca 102 ## _aRU 200 1# _aProactive AI risk management _eJournal article 210 1# _aAstrakhan _cAstrakhan State Technical University _d2026 215 ## _a8 с. 608 ## _aJournal article _2local 675 ## _aЗащита данных. 004.056.5 _z 700 #1 _aAmenickiy _gAleksey Vladimirovich 700 #1 _aVorob'ev _gEvgeniy Germanovich 856 4# _avestnik.astu.org _u